000 00414 a2200157 4500
001 63837
020 _a9788571131074
040 _cAnchieta - Pituba
100 _aOrlandi, Eni Puccinelli
240 1 0 _aA linguagem e seu funcionamento
_lpor
245 1 0 _aA linguagem e seu funcionamento
300 _a276p.
362 0 _a2011
650 4 _aLínguas e comunicação (classificar aqui lexicologia)
942 _cBK
999 _c63837
_d63837